000 00679nam a22002057a 4500
999 _c9865
_d9865
003 AR-CdUCM
008 190328b ||||| |||| 00| 0 spa d
040 _aMUNICIPALIDAD PROVINCIAL DEL CUSCO
_cBIBLIOTECA MUNICIPAL DEL CUSCO
082 _aC / 868.67 /
_bF52J
100 _aFigueira, Gaston
_926365
245 _aJuan Ramon Jimenez /
260 _aMontevideo :
_bBiblioteca Alfar ,
_c1944.
300 _a121 páginas ;
_c21 cm.
500 _aContiene dedicatoria a Luis Nieto del mismo autor del libro
650 _aPoesia Latinoamericana
_92147
650 _aPoesia Uruguaya
_92908
650 _aPoesia y Literatura
_95393
942 _2ddc
_cLIBROS
945 _apjha
_d2019-05-14